000 00558nam a2200229Ia 4500
003 OSt
005 20221005115025.0
006 a|||||r|||| 00| 0
007 ta
008 221004b |||||||| |||| 00| 0 eng d
024 _a29716
037 _cTextual
040 _aCRL
_cCRL
_beng
041 _2eng
_aeng
082 _a14:2236:N5, K6
100 _aGanda Singh
245 0 _aBibliography of the Punjab
260 _c1966
650 _aBIBLIOGRAPHY
942 _h14:2236:N5, K6
_cTEXL
_2cc
999 _c1033210
_d1033210